000
00301nam a2200133Ia 4500
008
191201s2009 xx 000 0 und d
100
_a
EASWARAN,Sunanda
245
0
_a
Marketing Research
250
_a
6th IMP
260
_a
N. Delhi
_b
Oxford
_c
2009
300
_a
605
650
_a
MBA
942
_2
ddc
_c
BK
999
_c
4779
_d
4779